<?xml version="1.0" encoding="UTF-8"?>
<collection xmlns="http://www.loc.gov/MARC21/slim">
 <record>
  <leader>02624nam a2200349 a 4500</leader>
  <controlfield tag="001">TVCDKTCT6357</controlfield>
  <controlfield tag="003">Thư viện trường Cao đẳng Kỹ thuật Cao Thắng</controlfield>
  <controlfield tag="005">20221024083241.000</controlfield>
  <controlfield tag="008">070110</controlfield>
  <datafield tag="980" ind1="\" ind2="\">
   <subfield code="a">Thư viện Trường CĐ Kỹ Thuật Cao Thắng</subfield>
  </datafield>
  <datafield tag="024" ind1=" " ind2=" ">
   <subfield code="a">RG_1 #1 eb0 i1 i5</subfield>
  </datafield>
  <datafield tag="041" ind1="0" ind2="#">
   <subfield code="a">vie</subfield>
  </datafield>
  <datafield tag="082" ind1="#" ind2="#">
   <subfield code="a">620.1 / </subfield>
   <subfield code="b">GI108T-n</subfield>
  </datafield>
  <datafield tag="100" ind1="1" ind2="#">
   <subfield code="a">Nguyễn Quang Tuyến</subfield>
  </datafield>
  <datafield tag="245" ind1="0" ind2="0">
   <subfield code="a">Giáo trình Cơ kỹ thuật / </subfield>
   <subfield code="c">Nguyễn Quang Tuyến, Nguyễn Thị Thạch</subfield>
  </datafield>
  <datafield tag="250" ind1="#" ind2="#">
   <subfield code="a">In lần thứ 1</subfield>
  </datafield>
  <datafield tag="260" ind1="#" ind2="#">
   <subfield code="a">H. : </subfield>
   <subfield code="b">Hà Nội , </subfield>
   <subfield code="c">2005</subfield>
  </datafield>
  <datafield tag="300" ind1="#" ind2="#">
   <subfield code="a">192tr. ; </subfield>
   <subfield code="c">24cm</subfield>
  </datafield>
  <datafield tag="520" ind1="#" ind2="#">
   <subfield code="a">Giáo trình được biên soạn cho ngành khai thác và sửa chữa các thiết bị cơ khí chủ yếu là chuyên ngành gia công cắt gọt lim loại và sửa chữa máy công cụ.</subfield>
  </datafield>
  <datafield tag="520" ind1="#" ind2="#">
   <subfield code="a">Nội dung của giáo trình đã được xây dựng trên cơ sở kế thừa những nội dung đang được giảng dạy tại các trường, kết hợp với định hướng mới cho các kỹ thuật viên trong thời kỳ công nghiệp hóa, hiện đại hóa đất nước. Giáo trình cũng được xây dựng theo hướng liên thông với các chương trình đào tạo cao đẳng, đại học kỹ thuật và sư phạm kỹ thuật hiện hành nhằm tạo điều kiện và cơ sở để người học tiếp tục học tập nâng cao sau này. Đề cương của giáo trình đã được sự tham gia đóng góp ý kiến của các chuyên gia giảng dạy trong các trường đại học, cao đẳng và các trường trung học chuyên nghiệp cũng như của các doanh nghiệp tại hội nghị thông qua chương trình khung cho ngành đào tạo.</subfield>
  </datafield>
  <datafield tag="520" ind1="#" ind2="#">
   <subfield code="a">Nội dung cuốn sách gồm 3 phần :</subfield>
  </datafield>
  <datafield tag="520" ind1="#" ind2="#">
   <subfield code="a">Phần 1: Cơ học vật rắn tuyệt đối.</subfield>
  </datafield>
  <datafield tag="520" ind1="#" ind2="#">
   <subfield code="a">Phần 2: Cơ học vật rắn biến dạng.</subfield>
  </datafield>
  <datafield tag="520" ind1="#" ind2="#">
   <subfield code="a">Phần 3: Nguyên lý máy.</subfield>
  </datafield>
  <datafield tag="650" ind1="#" ind2="4">
   <subfield code="a">Cơ ứng dụng</subfield>
  </datafield>
  <datafield tag="650" ind1="#" ind2="4">
   <subfield code="a">Mechanics of Materials</subfield>
  </datafield>
  <datafield tag="653" ind1="#" ind2="#">
   <subfield code="a">Mechanical Engineering Technology</subfield>
  </datafield>
  <datafield tag="700" ind1="0" ind2="#">
   <subfield code="a">Nguyễn Thị Thạch</subfield>
  </datafield>
  <datafield tag="721" ind1="#" ind2="#">
   <subfield code="a">03. CNKT Cơ khí</subfield>
  </datafield>
  <datafield tag="721" ind1="#" ind2="#">
   <subfield code="a">04. CNKT Ô tô</subfield>
  </datafield>
  <datafield tag="841" ind1="#" ind2="#">
   <subfield code="b">Kho Sách </subfield>
   <subfield code="j">100019831, 100019908, 100019923, 100019929, 100019938, 100019943</subfield>
  </datafield>
  <datafield tag="841" ind1="#" ind2="#">
   <subfield code="b">Kho Tra Cứu </subfield>
   <subfield code="j">500002404, 500002432, 500002449, 500002451</subfield>
  </datafield>
 </record>
</collection>
